| 000 | 00703nam a22002537a 4500 | ||
|---|---|---|---|
| 003 | DO-SdBNP | ||
| 005 | 20180220090234.0 | ||
| 008 | 151023b 1992 sp a 00| 0 spa d | ||
| 020 | _a8434811693 | ||
| 040 |
_aBPMSU _bspa _cBPMSU |
||
| 100 | _4Olaizola, José Luis | ||
| 245 |
_aCucho / _cJosé Luis Olaizola |
||
| 250 | _a13a. ed. | ||
| 260 |
_aMadrid : _bSM, _c1992. |
||
| 300 |
_a96 p. : _bil. _c20 cm |
||
| 490 | 0 |
_aEl barco de vapor, serie naranja _v19 |
|
| 521 | _aA partir de 9 años. | ||
| 586 | _aEl barco de vapor, 1982. | ||
| 586 | _aPlaneta, 1983. | ||
| 830 | 0 |
_aEl barco de vapor _gSerie naranja _v19 |
|
| 942 |
_2ddc _cBK |
||
| 945 | _aInventariado, 2018/ YL | ||
| 956 | _adaysi garcia | ||
| 999 |
_c8441 _d8441 |
||